01117nam a2200229 a 450000100100000000500170001000800410002702000180006804000250008608200150011124501990012626000680032530000230039349000560041649000640047270000480053670000390058483000630062383000710068695201130075799900170087000002050020200930011123.0100322s2010 mx 000 0 spa d a9786070207518 aDO-SdBNPbspacBNPHU axxxxbP86100aPotencialidades de investigación y docencia iberoamericanas en ciencias bibliotecológica y de la información. Memoria /ccoordinador Salvador Gorbea Portal ; prólogo Elías Sanz Casado. aMéxico :bUniversidad Nacional Autónoma de México,c2010. a513 p. : ;c22 cm.0 aSistemas bibliotecarios de información y sociedad0 aCentro Universitario de Investigaciones Bibliotecológicas1 aGorbea Portal, Salvadorecoordinador9432031 aSanz Casado, Elíaseprol.943204 0aSistemas bibliotecarios de información y sociedad943205 0aCentro Universitario de Investigaciones Bibliotecológicas943206 001050718MOaGRbGRcCTd2017-10-03iLF1l0oxxxx P861p20500-10r2020-06-25w2020-06-25y1ZNo se presta c20004d20004